000 00342nam a2200121Ia 4500
008 220216s9999 xx 000 0 und d
100 _aPiddlesden J H
245 0 _aExperiments with a new type of smoke-house
260 _bJournal of the Rubber Research Institute of Malaya
_c1938
300 _a258-271
650 _aSmoke-house
942 _cJS
999 _c59122
_d59122